000 00679nam a2200253Ia 4500
008 160901s9999 xx 000 0 und d
020 _a0-07-225655-9
050 _aComSc HE 7553
050 _b.F45 2004
100 _aFeinstein, Ken.
245 _aHow to do everything to fight spam, viruses, pop-ups and spyware /
245 _cKen Feinstein.
260 _aNew York :
260 _bMcGraw-Hill.,
260 _c2004
300 _a234 pages :
300 _bill. ;
300 _c23 cm.
300 _eCD-ROM
500 _aIncludes index.
650 _aElectronic mail systems.
650 _aUnsolicited electronic mail messages.
650 _xComputer viruses.
999 _c300945
_d300945